Tilastot visalle Australian osavaltiot ja territoriot kartalla

Klikkaa tästä pelataksesi tätä visaa!

Yleistilastot

  • Tätä visaa on pelattu 1 125 kertaa
  • Keskiarvotulos 5 / 8

Vastaukset kartalla

Vastauksille on annettu kartalla punavihreä väri sen mukaan, kuinka moni on saanut sen oikein.
 

Vastaustilastot

Vastaus% Oikein
Länsi-Australia
79%
Etelä-Australia
78%
Australian pääkaupunkiterritorio
77%
Pohjoisterritorio
77%
Tasmania
75%
Queensland
61%
Uusi Etelä-Wales
55%
Victoria
46%

Tulosjakauma

Persentiili vastausten määrän mukaan

Jokaisen tuloksen saaneiden osuus

Tuloshistoriasi

Et ole pelannut tätä visaa